Представление документа в формате RUSMARC

ПолеНазваниеЗначение
  Тип записи c
  Библиографический уровень m
001 Контрольный номер RU/УОНБ/EK_N/322865632
005 Дата корректировки 20250520122043.8
010 Индекс ISBN __
9 Тираж 5000 экз.
013 Номер (ISMN) __
a Номер (ISMN) 5-353-01049-3
d Цена 50 р.
100 Данные общей обработки __
a Данные общей обработки 20160408d2003 u y0rusy0103||||ca
101 Язык документа 0_
a Язык текста rus
f Язык титульного листа rus
102 Страна публикации __
a Страна публикации RU
125 Кодированные данные звукозаписи и нотных изданий __
a Форма изложения нотного текста z|
128 Кодированные данные (звукозаписи-физические характеристики) __
a Кодированные данные: Музыкальная форма и тональность или лад zz
200 Заглавие и сведения об ответственности 1_
a Заглавие Первые уроки музыки
b Общее обозначение материала Ноты
e Сведения, относящиеся к заглавию учеб. пособие для подгот. кл. ДМШ и ДШИ
f Первые сведения об ответственности И. Домогацкая
210 Выходные данные 1_
a Место издания Москва
c Издательство Росмэн-пресс
d Дата издания 2003
215 Физическое описание __
a Объем 144 с.
c Иллюстрации/тип воспроизводства ил.
d Формат 27 см
225 Серия 1_
a Серия Детская музыкальная школа
512 Заглавие обложки 1_
a Заглавие обложки Первые уроки музыки
530 Ключевое заглавие (сериального издания) 0_
a Ключевое заглавие (сериального издания) Первые уроки музыки
606 Тематические рубрики 0_
a Основная рубрика Учебные пособия детской музыкальной школы
610 Ключевые слова 0_
a Ключевые слова учебные пособия
686 Индексы других классификаций __
a Классификационный индекс 85.98я71
2 Код системы rubbk
700 Автор _1
a Фамилия Домогацкая
b Имя (инициалы) И. Е.
g Полное личное имя Ирина Ефимовна
801 Источник записи _0
a Страна RU
b Организация Ульяновская ОНБ
c Дата составления 20160408
g Правила каталогизации RCR
801 Источник записи _1
a Страна RU
b Организация Ульяновская ОНБ
c Дата составления 20160408
901 Тип документа __
t Тип документа m
909 Создатель записи __
a Создатель записи Лобина Л. И.
910 Корректоры записи __
a Корректор записи Илямакова
938 Служебная информация __
a Имя БД noti
b Имя библиотеки УОНБ
c Имя АИБС МАРК-SQL
d Номер DOC_ID в БД 7354